| 000 | 00415caa a22001812a 4500 | ||
|---|---|---|---|
| 001 | 000415 | ||
| 003 | AR-FADEU | ||
| 008 | 311216n############xxu####################dd | ||
| 092 | _aPP(362.6)SES | ||
| 100 | _aDel Campo, Rafael | ||
| 245 | _bPlan de salud mental | ||
| 245 | _aSesenta y más... | ||
| 300 | _a42-43 | ||
| 440 | _n98 | ||
| 260 | _c1993 | ||
| 650 | _aSALUD MENTAL-TERCERA EDAD | ||
| 942 | _cPPGR | ||
| 999 |
_c3193 _d3193 |
||